000 00653nam a2200205 a 4500
005 20210223125254.0
008 040213s2002 mx r 000 0 spa d
020 _a8483165252
035 _aUPN01000131859
049 _aCG
050 4 _aHF5382.5 E8
_bG8.2 LM
100 1 _aGutiérrez-Crespo Ortiz, Ernesto
245 1 0 _aAprendiendo a buscar empleo desde el aula :
_btaller de orientación laboral /
_cErnesto Gutiérrez-Crespo Ortiz.
260 _aMadrid :
_bCCS,
_c2002.
300 _a76 p.
440 0 _aMateriales para educadores ;
_v58
650 4 _aORIENTACION PROFESIONAL -
_zESPAÑA
650 4 _aBUSQUEDA DE EMPLEO
_96452
905 _aLibro
999 _c104014
_d104014